[Event "IMSA Rapid Women 2019"]
[Site "Hengshui"]
[Date "2019.05.14"]
[Round "3.16"]
[White "Paehtz, Elisabeth"]
[Black "Zhao, Xue"]
[Result "0-1"]
[WhiteElo "2470"]
[BlackElo "2485"]
[Annotator "RC"]
[PlyCount "150"]
[EventDate "2019.05.14"]
[EventType "rapid"]
[EventCountry "CHN"]
[SourceTitle "playchess.com"]
[Source "ChessBase"]
[SourceQuality "1"]
[TimeControl "900+10"]

1. d4 {[%emt 0:00:00]} f5 {[%emt 0:00:00]} 2. e3 {[%emt 0:00:11]} Nf6 {[%emt 0:00:00]} 3. b3 {[%emt 0:00:03]} g6 {[%emt 0:00:00]} 4. Bb2 {[%emt 0:00:04]} Bg7 {[%emt 0:00:00]} 5. h4 {[%emt 0:00:04]} d6 {[%emt 0:00:38]} 6. Be2 {[%emt 0:00:04]} h6 {[%emt 0:05:43]} 7. Nh3 {[%emt 0:00:02]} Be6 {[%emt 0:00:06]} 8. Nf4 {[%emt 0:00:49]} Bf7 {[%emt 0:00:01]} 9. Qd3 {[%emt 0:01:07]} Nbd7 {[%emt 0:02:42]} 10. h5 {[%emt 0:00:14]} g5 {[%emt 0:00:06]} 11. Ng6 {[%emt 0:00:02]} Bxg6 {[%emt 0:00:04]} 12. hxg6 {[%emt 0:00:02]} e6 {[%emt 0:00:06]} 13. d5 {[%emt 0:00:36]} Qe7 {[%emt 0:00:07]} 14. dxe6 {[%emt 0:00:16]} Qxe6 {[%emt 0:00:16]} 15. Qc4 {[%emt 0:01:17]} Ke7 {[%emt 0:02:16]} 16. Nd2 {[%emt 0:00:47]} Qxc4 {[%emt 0:01:30]} 17. Nxc4 {[%emt 0:00:01]} Nf8 {[%emt 0:00:14]} 18. Na5 {[%emt 0:00:42]} Rb8 {[%emt 0:00:05]} 19. Bf3 {[%emt 0:00:29]} Nxg6 {[%emt 0:00:17]} 20. Bxb7 {[%emt 0:00:05]} Kf7 {[%emt 0:00:06]} 21. O-O-O {[%emt 0:01:14]} Rhe8 {[%emt 0:00:17]} 22. Bc6 {[%emt 0:01:09]} Rf8 {[%emt 0:01:02]} 23. Bd4 {[%emt 0:00:24]} Ne7 {[%emt 0:00:27]} 24. Bf3 {[%emt 0:00:52]} Ne4 {[%emt 0:00:32]} 25. Rhf1 {[%emt 0:00:53]} g4 {[%emt 0:01:10]} 26. Be2 {[%emt 0:00:29]} Bxd4 {[%emt 0:00:28]} 27. Rxd4 {[%emt 0:00:02]} Nc3 {[%emt 0:00:02]} 28. Bc4+ {[%emt 0:01:29]} d5 {[%emt 0:00:10]} 29. Kb2 {[%emt 0:01:08]} c5 {[%emt 0:00:33]} 30. Rd2 {[%emt 0:00:06]} Na4+ {[%emt 0:00:12]} 31. Ka3 {[%emt 0:00:01]} Nb6 {[%emt 0:00:09]} 32. Be2 {[%emt 0:00:09]} Kf6 {[%emt 0:00:46]} 33. c4 {[%emt 0:00:02]} dxc4 {[%emt 0:00:06]} 34. Nxc4 {[%emt 0:00:03]} Nbd5 {[%emt 0:00:05]} 35. Kb2 {[%emt 0:00:23]} Ke6 {[%emt 0:00:15]} 36. Rfd1 {[%emt 0:00:31]} h5 {[%emt 0:00:12]} 37. g3 {[%emt 0:00:01]} Nf6 {[%emt 0:00:16]} 38. Rd6+ {[%emt 0:00:03]} Kf7 {[%emt 0:00:01]} 39. Ne5+ {[%emt 0:00:45]} Kg7 {[%emt 0:00:00]} 40. Nd7 {[%emt 0:00:07]} Nxd7 {[%emt 0:00:22]} 41. Rxd7 {[%emt 0:00:01]} Rfe8 {[%emt 0:00:03]} 42. Rxa7 {[%emt 0:00:04]} Rb6 {[%emt 0:00:07]} 43. Rc7 {[%emt 0:00:26]} Kf6 {[%emt 0:00:08]} 44. Rxc5 {[%emt 0:00:03]} Ng6 {[%emt 0:00:07]} 45. Bb5 {[%emt 0:00:16]} Re7 {[%emt 0:00:11]} 46. a4 {[%emt 0:00:23]} Ne5 {[%emt 0:00:09]} 47. a5 {[%emt 0:00:05]} Rb8 {[%emt 0:00:07]} 48. Rd6+ {[%emt 0:00:03]} Kg5 {[%emt 0:00:07]} 49. Rdd5 {[%emt 0:00:52]} Kf6 {[%emt 0:00:00]} 50. Be2 {[%emt 0:00:07]} Rbb7 {[%emt 0:00:42]} 51. a6 {[%emt 0:00:09]} Rb8 {[%emt 0:00:01]} 52. Rb5 {[%emt 0:00:23]} Ra8 {[%emt 0:00:04]} 53. Rb6+ {[%emt 0:00:04]} Kg5 {[%emt 0:00:01]} 54. Rb7 {[%emt 0:00:15]} Re6 {[%emt 0:00:05]} 55. b4 {[%emt 0:00:17]} h4 {[%emt 0:00:06]} 56. gxh4+ {[%emt 0:00:02]} Kxh4 {[%emt 0:00:00]} 57. b5 {[%emt 0:00:19]} Kh3 {[%emt 0:00:02]} 58. Bf1+ {[%emt 0:00:39]} Kh2 {[%emt 0:00:00]} 59. a7 {[%emt 0:00:56]} Kg1 {[%emt 0:00:04]} 60. b6 {[%emt 0:00:36]} Kxf1 {[%emt 0:00:02]} 61. Rb8 {[%emt 0:00:00]} Nc4+ {[%emt 0:00:01]} 62. Kc3 {[%emt 0:00:03]} Nxb6 {[%emt 0:00:01]} 63. Rxa8 {[%emt 0:00:04]} Nxd5+ {[%emt 0:00:36]} 64. Kd4 {[%emt 0:00:01]} Nc7 {[%emt 0:00:07]} 65. Rf8 {[%emt 0:00:14]} Ra6 {[%emt 0:00:08]} 66. Rxf5 {[%emt 0:00:07]} Rxa7 {[%emt 0:00:07]} 67. Rf6 {[%emt 0:00:10]} Kg2 {[%emt 0:00:27]} 68. Kd3 {[%emt 0:00:10]} Nd5 {[%emt 0:00:28]} 69. Rf5 {[%emt 0:00:01]} Ra3+ {[%emt 0:00:04]} 70. Kd4 {[%emt 0:00:04]} Ne7 {[%emt 0:00:21]} 71. Rf7 {[%emt 0:00:24]} Nc6+ {[%emt 0:00:09]} 72. Kd5 {[%emt 0:00:18]} Nb4+ {[%emt 0:00:01]} 73. Kd6 {[%emt 0:00:57]} Ra6+ {[%emt 0:00:15]} 74. Kc5 {[%emt 0:00:06]} Nd3+ {[%emt 0:00:01]} 75. Kb5 {[%emt 0:00:01]} Re6 {[%emt 0:00:04]} 0-1

[Event "IMSA Rapid Women 2019"]
[Site "Hengshui"]
[Date "2019.05.14"]
[Round "4.9"]
[White "Abdumalik, Zhansaya"]
[Black "Muzychuk, Mariya"]
[Result "1/2-1/2"]
[WhiteElo "2464"]
[BlackElo "2563"]
[Annotator "TA"]
[PlyCount "64"]
[EventDate "2019.05.14"]
[EventType "rapid"]
[EventCountry "CHN"]
[SourceTitle "playchess.com"]
[Source "ChessBase"]
[SourceQuality "1"]

{[%evp 18,64,17,18,25,20,23,14,7,16,18,26,51,0,30,-39,-36,-34,-26,-28,-18,-31,-17,-16,36,-11,49,0,0,0,0,-82,-55,-71,-87,-110,-128,-125,-66,-54,0,-20,0,0,0,-6,0,0,0]} 1. e4 c6 2. d4 d5 3. Nd2 dxe4 4. Nxe4 Bf5 5. Ng3 Bg6 6. h4 h6 7. Nf3 e6 8. Ne5 Bh7 9. Bd3 Bxd3 10. Qxd3 Nd7 {B19: Classical Caro-Kann: 4...Bf5 main line} 11. Bf4 Nxe5 12. Bxe5 Qa5+ 13. c3 Nf6 14. O-O Be7 15. f4 $146 (15. Rae1 $14) ({Predecessor:} 15. Rfe1 O-O 16. Nf1 Nd7 17. Bg3 Rad8 18. Qf3 {0-1 (65) Kanmazalp,O (2477)-Socko,B (2593) Graz 2018}) 15... Ng4 16. Qf3 ({Much worse is} 16. Bxg7 Rg8 $15) (16. Qe2 $11 Nxe5 17. fxe5) 16... f5 $15 17. Rfe1 O-O 18. h5 Rad8 19. Re2 Rd7 20. Nf1 Qd5 ({Better is} 20... Qb5 $11) 21. Qg3 {Strongly threatening Ne3.} Bf6 (21... Qb5 $11 22. Rae1 Nxe5) 22. Bxf6 Nxf6 23. Re5 Qd6 24. Qf3 {[#]} (24. Rae1 $11 {keeps the balance.}) 24... Ng4 $1 $17 25. Re2 {[#]} c5 $1 26. dxc5 Qxc5+ 27. Kh1 Rfd8 (27... Qb5 $17 28. Rc2 Nf6) 28. Rxe6 $15 Rd3 (28... Kh7 $15) 29. Qe2 {The position is equal.} Nf2+ 30. Kh2 Ng4+ 31. Kh1 Nf2+ 32. Kh2 Ng4+ {Accuracy: White = 44%, Black = 44%.} 1/2-1/2

[Event "IMSA Rapid Women 2019"]
[Site "Hengshui"]
[Date "2019.05.14"]
[Round "4.10"]
[White "Gunina, Valentina"]
[Black "Kosteniuk, Alexandra"]
[Result "1-0"]
[WhiteElo "2506"]
[BlackElo "2546"]
[Annotator "RC"]
[PlyCount "109"]
[EventDate "2019.05.14"]
[EventType "rapid"]
[EventCountry "CHN"]
[SourceTitle "playchess.com"]
[Source "ChessBase"]
[SourceQuality "1"]
[TimeControl "900+10"]

1. e4 {[%emt 0:00:00]} e5 {[%emt 0:00:00]} 2. Bc4 {[%emt 0:00:00]} Nf6 {[%emt 0:00:00]} 3. Nf3 {[%emt 0:00:00]} Nxe4 {[%emt 0:00:36]} 4. Nc3 {[%emt 0:00:04]} Nf6 {[%emt 0:00:21]} 5. Nxe5 {[%emt 0:01:34]} d5 {[%emt 0:00:04]} 6. Bb3 {[%emt 0:00:14]} Be7 {[%emt 0:01:48]} 7. d4 {[%emt 0:00:11]} O-O {[%emt 0:00:05]} 8. O-O {[%emt 0:00:03]} c6 {[%emt 0:00:01]} 9. f4 {[%emt 0:00:36]} c5 {[%emt 0:03:23]} 10. dxc5 {[%emt 0:00:18]} Bxc5+ {[%emt 0:00:06]} 11. Kh1 {[%emt 0:00:02]} d4 {[%emt 0:00:06]} 12. Na4 {[%emt 0:01:48]} Be7 {[%emt 0:00:08]} 13. Qf3 {[%emt 0:00:15]} Nc6 {[%emt 0:00:16]} 14. c3 {[%emt 0:01:15]} Bf5 {[%emt 0:00:25]} 15. Nxc6 {[%emt 0:00:49]} bxc6 {[%emt 0:00:01]} 16. cxd4 {[%emt 0:00:08]} Qxd4 {[%emt 0:00:07]} 17. Be3 {[%emt 0:00:26]} Qb4 {[%emt 0:00:52]} 18. Rac1 {[%emt 0:00:41]} Be4 {[%emt 0:01:47]} 19. Qg3 {[%emt 0:00:55]} Bd5 {[%emt 0:00:46]} 20. Nc5 {[%emt 0:02:17]} Ne4 {[%emt 0:00:49]} 21. Nxe4 {[%emt 0:00:12]} Qxe4 {[%emt 0:00:59]} 22. Bxd5 {[%emt 0:00:14]} Qxd5 {[%emt 0:00:23]} 23. b3 {[%emt 0:00:03]} Rfd8 {[%emt 0:00:05]} 24. h3 {[%emt 0:00:16]} h5 {[%emt 0:00:07]} 25. f5 {[%emt 0:00:36]} Bf6 {[%emt 0:00:19]} 26. Bg5 {[%emt 0:00:33]} Rd6 {[%emt 0:00:28]} 27. Bxf6 {[%emt 0:00:49]} Rxf6 {[%emt 0:00:01]} 28. Qg5 {[%emt 0:00:01]} Re8 {[%emt 0:00:47]} 29. Qxh5 {[%emt 0:00:45]} Qd2 {[%emt 0:01:25]} 30. a4 {[%emt 0:01:05]} Qd3 {[%emt 0:00:14]} 31. Rf3 {[%emt 0:00:29]} Qd2 {[%emt 0:00:11]} 32. Rcf1 {[%emt 0:00:30]} Re4 {[%emt 0:00:57]} 33. R3f2 {[%emt 0:00:14]} Qc3 {[%emt 0:00:07]} 34. Qg5 {[%emt 0:01:12]} Qxb3 {[%emt 0:01:07]} 35. Rf3 {[%emt 0:00:02]} Qc4 {[%emt 0:00:51]} 36. Kh2 {[%emt 0:00:21]} Kf8 {[%emt 0:00:23]} 37. Rd1 {[%emt 0:00:17]} Rd4 {[%emt 0:00:03]} 38. Rc1 {[%emt 0:00:35]} Qd5 {[%emt 0:00:01]} 39. Rg3 {[%emt 0:00:01]} Rxf5 {[%emt 0:00:09]} 40. Qxg7+ {[%emt 0:00:02]} Ke7 {[%emt 0:00:00]} 41. Rxc6 {[%emt 0:00:09]} Qxc6 {[%emt 0:00:12]} 42. Qxd4 {[%emt 0:00:02]} Qc7 {[%emt 0:00:13]} 43. Qe4+ {[%emt 0:00:20]} Kf6 {[%emt 0:00:12]} 44. Qh4+ {[%emt 0:00:11]} Ke6 {[%emt 0:00:02]} 45. Qh6+ {[%emt 0:00:21]} f6 {[%emt 0:00:36]} 46. h4 {[%emt 0:00:31]} Qf4 {[%emt 0:00:17]} 47. Qh8 {[%emt 0:00:15]} Re5 {[%emt 0:00:09]} 48. Qc8+ {[%emt 0:00:38]} Kd6 {[%emt 0:00:12]} 49. Kh3 {[%emt 0:00:09]} Qf1 {[%emt 0:00:09]} 50. Qb8+ {[%emt 0:00:14]} Ke6 {[%emt 0:00:04]} 51. Qb3+ {[%emt 0:00:04]} Rd5 {[%emt 0:00:31]} 52. Re3+ {[%emt 0:00:05]} Kd6 {[%emt 0:00:01]} 53. Qb8+ {[%emt 0:00:02]} Kc6 {[%emt 0:00:30]} 54. Qc8+ {[%emt 0:00:20]} Kb6 {[%emt 0:00:13]} 55. Rb3+ {[%emt 0:00:01]} 1-0

[Event "IMSA Rapid Women 2019"]
[Site "Hengshui"]
[Date "2019.05.14"]
[Round "4.11"]
[White "Koneru, Humpy"]
[Black "Dzagnidze, Nana"]
[Result "0-1"]
[WhiteElo "2553"]
[BlackElo "2510"]
[Annotator "TA"]
[PlyCount "106"]
[EventDate "2019.05.14"]
[EventType "rapid"]
[EventCountry "CHN"]
[SourceTitle "playchess.com"]
[Source "ChessBase"]
[SourceQuality "1"]

{[%evp 21,106,11,22,16,9,26,21,22,34,36,32,35,20,28,19,18,27,34,24,11,62,0,0,1,1,-42,-42,-42,-38,-47,-41,-35,-27,-109,-110,-109,-111,-117,-116,-100,-79,-100,-100,-100,-100,-100,-100,-100,-104,-170,-104,-104,-104,-118,-104,-104,-104,-104,-106,-119,-78,-121,-34,-213,-188,-235,-207,-323,-323,-323,-193,-193,-193,-358,-322,-843,-668,-29982,-29982,-29982,-29983,-29981,-29982,-29981,-29966,-29974,-5612]} 1. d4 Nf6 2. c4 e6 3. Nf3 d5 4. Nc3 c6 5. e3 Nbd7 6. Qc2 Bd6 7. Bd3 dxc4 8. Bxc4 O-O 9. O-O b5 10. Be2 Bb7 11. e4 e5 12. dxe5 {D46: Semi-Slav: 5 e3 Nbd7 6 Bd3, Black avoids the Meran} Nxe5 13. Nh4 $146 ({Predecessor:} 13. Nd4 b4 {½-½ (41) Le,Q (2739)-Sasikiran,K (2676) Ashkhabad 2017}) 13... b4 14. Nf5 {Black must now prevent Rd1.The position is equal.} bxc3 15. Rd1 Ne8 16. Qxc3 Qf6 17. f4 Bc7 {...Ng6 is the strong threat.} 18. fxe5 Qxe5 19. Qxe5 Bxe5 20. Rd7 Rb8 (20... Bc8 $1 $11 21. Rd8 Bb7) 21. Be3 (21. Re7 $14 Bc7 22. Be3) 21... Nf6 $11 22. Re7 Bxb2 23. Rb1 Bc8 {And now ...Bxf5 would win.} 24. Rf1 Bxf5 25. Rxf5 Rfe8 26. Rxe8+ Rxe8 27. Bf3 (27. Ra5 $11 {keeps the balance.}) 27... Be5 $1 $17 28. Bd1 g6 29. Rf1 Nxe4 30. Bf3 f5 31. Bxe4 fxe4 {[%mdl 4096] Endgame KRB-KRB} 32. Rc1 Rb8 33. Bxa7 Ra8 34. Be3 Ra3 35. Bb6 (35. Rc5 $17 {is a better defense.}) 35... Ra6 ({Black should try} 35... Rxa2 $19 36. h3 Ra6) 36. Be3 Kf7 37. Rc4 Ke6 38. a4 Kd5 39. Rc5+ Kd6 40. Rc4 h5 41. h3 {[#]} Ra8 ({Better is} 41... Ra5 $1 $17 {Threatens to win with ...Kd5.} 42. Rxe4 Kd5) 42. Rxe4 $2 ({White should play} 42. Kf2 $15) 42... Kd5 $19 43. Rb4 c5 44. Rb6 (44. Rb5 {keeps fighting.}) 44... c4 ({Don't take} 44... Rxa4 45. Rxg6 c4 46. Bh6 $19) 45. Rxg6 Ke4 ({Resist} 45... Rxa4 46. g4 $19) (45... c3 $142 46. Kf1 Rxa4) 46. Bh6 Rxa4 47. Rc6 $2 (47. Re6) 47... c3 48. Kf2 $2 (48. Re6 c2 49. Re8) 48... h4 49. Bg5 Bg3+ {Black mates.} 50. Ke2 Ra2+ 51. Kd1 Kd3 52. Rc8 Ra1+ 53. Bc1 Bf4 {Accuracy: White = 53%, Black = 67%.} (53... Bd6 $142 54. Rc6 Bf4 55. Ke1 Rxc1+ 56. Kf2 Bg3+ 57. Kf3 Rf1+ 58. Kg4 c2 59. Rxc2 Kxc2 60. Kh5 Kd3 61. Kg6 Ke4 62. Kg5 Rf8 63. Kh6 Be5 64. Kg5 Rg8+ 65. Kxh4 Rxg2 66. Kh5 Kf5 67. h4 {[#]} Rh2 $1 {[%mdl 512]} 68. Kh6 Rxh4#) 0-1

[Event "IMSA Rapid Women 2019"]
[Site "Hengshui"]
[Date "2019.05.14"]
[Round "4.12"]
[White "Lei, Tingjie"]
[Black "Ushenina, Anna"]
[Result "1/2-1/2"]
[WhiteElo "2507"]
[BlackElo "2442"]
[Annotator "TA"]
[PlyCount "81"]
[EventDate "2019.05.14"]
[EventType "rapid"]
[EventCountry "CHN"]
[SourceTitle "playchess.com"]
[Source "ChessBase"]
[SourceQuality "1"]

{[%evp 12,81,-19,-24,0,1,4,-27,-4,-26,-14,-23,-20,-14,-17,-59,0,0,12,13,21,6,13,0,0,-22,0,0,0,-7,2,8,72,72,62,-170,-159,-154,135,0,107,118,262,262,264,272,275,244,233,223,233,233,240,200,211,176,193,189,404,324,354,229,233,182,203,0,0,0,0,0,0,0]} 1. d4 d5 2. c4 e6 3. Nf3 Nf6 4. Bg5 dxc4 5. e3 b5 6. a4 c6 7. Nc3 a6 {D44: Semi-Slav: Botvinnik System} 8. axb5 cxb5 9. Nxb5 (9. Bxf6 $5 gxf6 10. Nxb5 $1 $14 {[%mdl 576] Pin}) (9. Bxf6 gxf6 10. Nxb5 axb5 11. Rxa8 Bb7 12. Ra1 Bb4+ 13. Ke2 O-O 14. Qc2 {0-1 (26) Mamedyarov,S (2817)-Nakamura,H (2746) Kolkata 2018}) 9... axb5 {Black has an edge.} 10. Rxa8 Bb7 $146 ({Predecessor:} 10... Bb4+ 11. Nd2 Bb7 {½-½ (72) Pakhomov,E (2464)-Grachev,B (2655) Astana 2017}) 11. Ra1 Bb4+ 12. Nd2 e5 13. Be2 exd4 (13... Qd5 $15 14. Bf3 e4 {[%mdl 64] Discovered Attack} 15. Bxf6 exf3 16. Qxf3 gxf6) 14. O-O $1 $11 Bxd2 (14... Qd5 $5 15. Bf3 $8 Qxg5 16. Bxb7 dxe3 $11) 15. Qxd2 d3 16. Rfd1 O-O 17. Bf1 Nc6 18. f3 h6 $36 {[%mdl 2048] Black has some pressure.} 19. Bh4 Re8 20. Bf2 Qd6 21. b3 Qe6 (21... Ne5 $11 {remains equal.} 22. Bg3 Nfd7) 22. bxc4 $16 bxc4 23. Qc3 $2 (23. Qb2 $14 Ba8 24. Ra6) 23... Ne5 $1 $19 {[%mdl 1024] Hoping for ...Bxf3! Black has strong compensation.} 24. e4 {[#]} Nh5 $2 (24... Nxf3+ $1 $17 {[%mdl 512] keeps the pressure on.} 25. gxf3 Nxe4) 25. Ra7 (25. Bd4 $16) 25... Bc6 (25... Nxf3+ $11 26. gxf3 Bxe4) 26. Bd4 $16 {And now Bxe5 would win.} Nf4 (26... f6 $16 {might work better.}) 27. Bxe5 $1 $18 {[%mdl 64] Overworked Piece} Qxe5 28. Qxc4 {[%mdl 64] Double Attack} Rf8 29. Kh1 Bb5 30. Qc7 Qd4 {[#] ...Ba4 would now be nice for Black.} 31. Raa1 $1 g5 {intending ...Ba4.} 32. Qa5 Bc4 33. Qb4 {Rac1 is the strong threat.} Rc8 34. Rac1 {Black must now prevent g3.} g4 $2 (34... Qf2 35. Qd2 (35. Rxc4 Rxc4 36. Qxc4 Ne2 $16) 35... Qa7) 35. Qd2 Qe5 36. Qe3 (36. fxg4 Qxe4 37. h3 Ne2 $16) 36... Ne2 {[#]} 37. Rxc4 $1 {[%mdl 512]} Rxc4 38. Qxd3 $2 (38. Rxd3 $18 Nd4 39. Rd1 (39. fxg4 Qg5 $16) (39. Qxh6 Ne6 $18)) 38... Ng3+ $1 $11 {The position is equal.} 39. hxg3 Qh5+ 40. Kg1 Qc5+ 41. Kh1 {Accuracy: White = 57%, Black = 38%.} 1/2-1/2

[Event "IMSA Rapid Women 2019"]
[Site "Hengshui"]
[Date "2019.05.14"]
[Round "4.13"]
[White "Tan, Zhongyi"]
[Black "Stefanova, Antoaneta"]
[Result "0-1"]
[WhiteElo "2513"]
[BlackElo "2470"]
[Annotator "TA"]
[PlyCount "70"]
[EventDate "2019.05.14"]
[EventType "rapid"]
[EventCountry "CHN"]
[SourceTitle "playchess.com"]
[Source "ChessBase"]
[SourceQuality "1"]

{[%evp 28,70,19,23,20,-17,-9,0,0,-47,-30,-34,-33,-31,0,-15,0,-6,0,0,100,82,76,85,128,72,264,263,272,112,101,0,66,77,66,0,0,-103,0,-862,-829,-5795,-5693,-29998,-29999]} 1. c4 e6 2. Nc3 d5 3. d4 c6 4. Nf3 dxc4 5. a4 Bb4 6. e3 b5 7. Bd2 a5 8. axb5 Bxc3 9. Bxc3 cxb5 10. b3 Bb7 11. bxc4 b4 12. Bb2 Nf6 13. Bd3 O-O 14. O-O Nbd7 15. Nd2 Re8 {D31: Queen's Gambit Declined: Semi-Slav without ...Nf6 (+ Marshall Gambit and Noteboom) and Exchange Variation lines without ...Nf6} (15... e5 16. d5 Re8 17. f4 Qe7 18. Bc2 Qd6 19. Kh1 e4 20. Ba4 Rec8 21. Bxd7 Nxd7 22. Qg4 Nf6 23. Nxe4 Nxg4 24. Nxd6 Nxe3 {½-½ (44) Lenderman,A (2626)-Tomashevsky,E (2744) Doha 2015}) 16. f4 Nc5 17. Bc2 Nce4 {The position is equal.} 18. Ba4 Re7 $146 ({Predecessor:} 18... Nxd2 19. Qxd2 Ne4 20. Qe2 f5 21. Rfc1 Re7 22. c5 Bd5 23. Bb5 {0-1 (45) Sosa Macho,J (2076)-Jodorcovsky Werjivker,P (2257) Montevideo 2019}) 19. Nf3 Ng4 20. Qe2 f5 21. Rfd1 Rc7 22. h3 Ngf6 23. Ne5 g5 (23... h6 $11) 24. fxg5 $16 Nxg5 25. d5 $1 {[%cal Rd5e6]} exd5 26. cxd5 (26. Qf1 $142) 26... Rg7 $2 (26... Qd6 $16 {is a better defense.}) 27. Nc6 $1 $18 {[%cal Rc6d8]} Qf8 {And now ...Nxh3+ would win.} 28. Kh1 (28. d6 $18 {Hoping for d7!} h6 29. Qc2) 28... Nge4 $16 29. Be5 (29. Qf3 $16) 29... Ng3+ (29... Re8 $1 $11 30. Qb2 Rxe5 31. Nxe5 Qc5) 30. Bxg3 $1 $14 Rxg3 31. d6 (31. Qe1 $1 $14 Rg7 32. Bb3) 31... Qg7 $1 $11 {[#]} 32. Qb5 (32. e4 $1 $11 {[%mdl 512] keeps the balance.} Kh8 (32... fxe4 33. Ne7+) 33. e5 (33. exf5 $2 Rg8 $19)) 32... Kh8 ({Not} 32... Rxe3 33. d7 $18) (32... Rxg2 $17 33. Rg1 (33. Ne7+ $2 Kh8 $19) 33... Rg6 34. Qxf5 Rd8) 33. d7 $2 {[%mdl 8192] [#]} (33. Ra2 $11 Rg8 34. Bb3 Rxg2 35. Bxg8 Rxa2 36. Bxa2) 33... Rg8 $1 $19 34. Ra2 Rxg2 {( -> ...Rg1+)} 35. d8=Q Rg1+ {[%mdl 64] Back Rank. Accuracy: White = 35%, Black = 54%.} 0-1

[Event "IMSA Rapid Women 2019"]
[Site "Hengshui"]
[Date "2019.05.14"]
[Round "4.14"]
[White "Harika, Dronavalli"]
[Black "Bodnaruk, Anastasia"]
[Result "1/2-1/2"]
[WhiteElo "2492"]
[BlackElo "2431"]
[Annotator "TA"]
[PlyCount "69"]
[EventDate "2019.05.14"]
[EventType "rapid"]
[EventCountry "CHN"]
[SourceTitle "playchess.com"]
[Source "ChessBase"]
[SourceQuality "1"]

{[%evp 9,69,15,14,-32,-32,-45,-36,-41,16,7,14,13,44,51,73,76,90,81,93,87,91,76,75,75,98,82,83,54,168,53,68,0,0,0,0,-13,-20,-7,-12,0,0,-31,0,0,0,-42,-62,-36,-78,-267,16,0,0,-266,22,0,0,-262,18,0,0,-250]} 1. c4 e5 2. Nc3 d6 3. g3 Nc6 4. Nf3 g5 5. h3 (5. d4 g4 6. d5 Nce7 7. Nd2 h5 8. e4 Bh6 9. Bd3 Nf6 10. Nf1 c5 11. Ne3 Bd7 12. Bd2 {½-½ (52) Dubov,D (2660)-Najer,E (2679) Poikovsky 2017}) 5... Bg7 6. e4 $146 {A27: English Opening: Three Knights Variation} ({Predecessor:} 6. d3 h6 7. Bg2 f5 8. Rb1 Nf6 9. b4 O-O 10. b5 Ne7 11. Qb3 Kh8 12. Ba3 {0-1 (34) Urban,J (2230)-Paulsen,D (2330) Germany 1999}) 6... h6 7. Nd5 Nge7 8. d3 {Black is slightly better.} Nd4 (8... O-O $15) 9. Nxd4 exd4 10. h4 Nxd5 (10... c6 $5 {[%cal Rc6d5]}) 11. cxd5 g4 12. Be2 h5 13. Bg5 f6 14. Bf4 f5 15. f3 fxe4 16. dxe4 O-O 17. fxg4 Qe7 18. O-O hxg4 (18... Bxg4 $14 19. Bxg4 hxg4) 19. Bxg4 (19. Rc1 $18) 19... Qxe4 20. Bf3 ({Better is} 20. Rc1 $14) 20... Qh7 $11 21. Qd2 Bh3 22. Bg2 Bxg2 23. Qxg2 Rae8 24. Rae1 Qg6 25. Kh2 Qg4 {...Rxe1 is the strong threat.} 26. Re4 d3 27. Rfe1 Rxe4 28. Rxe4 Qf5 29. Re6 $2 (29. Re3 $17) 29... Rf6 $2 (29... Be5 $1 $19 {And now ...Rf7 would win.} 30. Re7 Rf7 31. Rxf7 Kxf7) 30. Re8+ Rf8 31. Re6 $2 {[%mdl 8192] [#]} (31. Rxf8+ $11 Bxf8 32. Qh3 Qxd5 33. Qg4+ Bg7 34. Qc8+ Kh7 35. Qxc7) 31... Rf6 $2 ({Black should play} 31... Be5 $1 $19 {White must now prevent ...Rf7.} 32. Re7 Rf7 33. Rxf7 Kxf7) 32. Re8+ Rf8 33. Re6 $2 {[%mdl 8192] [#]} (33. Rxf8+ $11 {and White has nothing to worry.} Bxf8 34. Qh3 Qxd5 35. Qg4+ Kh7 36. Bd2) 33... Rf6 $2 (33... Be5 $1 $19 {Hoping for ...Rf7.} 34. Re7 Rf7 35. Rxf7 Kxf7) 34. Re8+ $2 {[%mdl 8192]} (34. Re3 $11) 34... Rf8 $19 35. Re6 {Accuracy: White = 30%, Black = 37%.} 1/2-1/2